[Event "Dan Kragujevca 2009"]
[Site "Kragujevac"]
[Date "2009.04.11"]
[Round "1.1"]
[White "Tadic, Branko"]
[Black "Filipovic, Zivadin"]
[Result "1-0"]
[WhiteElo "2485"]
[BlackElo "2149"]
[PlyCount "51"]
[EventDate "2009.04.11"]

1. Nf3 d5 2. d4 c6 3. c4 Nf6 4. Qc2 g6 5. e3 Bf5 6. Qb3 Qb6 7. Nc3 Qxb3 8. axb3
e6 9. c5 Nbd7 10. b4 Bg7 11. b5 Ke7 12. h3 Be4 13. b4 Bxf3 14. gxf3 e5 15. bxc6
bxc6 16. b5 exd4 17. exd4 Rhc8 18. Ra4 Ke6 19. bxc6 Rxc6 20. Bb5 Nb8 21. O-O
Kd7 22. Bf4 a5 23. Rb1 Nh5 24. Bxb8 Rxb8 25. Bxc6+ Kc8 26. Bd7+ 1-0

[Event "Dan Kragujevca 2009"]
[Site "Kragujevac"]
[Date "2009.04.11"]
[Round "1.2"]
[White "Dodic, Dragan"]
[Black "Todorovic, Goran M"]
[Result "1/2-1/2"]
[WhiteElo "2143"]
[BlackElo "2467"]
[PlyCount "92"]
[EventDate "2009.04.11"]

1. d4 d5 2. c4 e6 3. Nc3 c5 4. cxd5 exd5 5. e3 Nf6 6. Nf3 Nc6 7. Be2 Bd6 8.
dxc5 Bxc5 9. O-O O-O 10. a3 a6 11. Qc2 Qe7 12. Rd1 Rd8 13. b4 Ba7 14. h3 Be6
15. Bb2 Rac8 16. Rac1 h6 17. Bf1 Bb8 18. Qb1 b5 19. Rd2 Ne5 20. Nxe5 Bxe5 21.
Ne2 Ne4 22. Rdc2 Rxc2 23. Rxc2 Bf5 24. Bxe5 Nd2 25. Qb2 Bxc2 26. Qxc2 Nxf1 27.
Bd4 Nxe3 28. fxe3 Qd7 29. Nf4 Rc8 30. Bc5 Rd8 31. Qd3 Kh8 32. Bd4 Qe8 33. Qf5
Qd7 34. Qe5 f6 35. Qh5 Rc8 36. Bxf6 gxf6 37. Qxh6+ Kg8 38. Qxf6 Rc6 39. Qg5+
Kf7 40. Qh5+ Kg7 41. Qg5+ Kh7 42. Nxd5 Qe6 43. Qh5+ Kg7 44. Qg5+ Kh7 45. Qh5+
Kg7 46. Qg5+ Kh7 1/2-1/2

[Event "Dan Kragujevca 2009"]
[Site "Kragujevac"]
[Date "2009.04.11"]
[Round "1.3"]
[White "Tosic, Miroslav"]
[Black "Mickovic, Slavisa"]
[Result "1/2-1/2"]
[WhiteElo "2448"]
[BlackElo "2117"]
[PlyCount "48"]
[EventDate "2009.04.11"]

1. d4 d5 2. c4 dxc4 3. Nf3 Nf6 4. e3 e6 5. Bxc4 c5 6. O-O a6 7. b3 b5 8. Bd3
Bb7 9. Bb2 cxd4 10. Nxd4 Be7 11. Nc3 O-O 12. Rc1 Nbd7 13. Qe2 Qb6 14. Rfd1 Rfd8
15. Bb1 Nf8 16. Nf3 Rxd1+ 17. Nxd1 Rc8 18. Rxc8 Bxc8 19. Bd4 Qc7 20. Nc3 Bb7
21. Ne5 Ng6 22. f4 Bc5 23. Bxc5 Qxc5 24. Bxg6 hxg6 1/2-1/2

[Event "Dan Kragujevca 2009"]
[Site "Kragujevac"]
[Date "2009.04.11"]
[Round "1.4"]
[White "Milosevic, Rade"]
[Black "Maksimovic, Branimir"]
[Result "0-1"]
[WhiteElo "2111"]
[BlackElo "2418"]
[PlyCount "84"]
[EventDate "2009.04.11"]

1. c4 e6 2. Nf3 Nf6 3. Nc3 d5 4. d4 Bb4 5. a3 Bxc3+ 6. bxc3 c5 7. e3 O-O 8.
cxd5 exd5 9. Be2 Nc6 10. O-O c4 11. Qc2 Re8 12. Nd2 Ne7 13. e4 Nxe4 14. Nxe4
Bf5 15. f3 Ng6 16. g4 Bxe4 17. fxe4 Rxe4 18. Bf3 Re6 19. Qf5 Ne7 20. Qh5 Qa5
21. Bd2 Rd8 22. Bd1 Ng6 23. Qf5 Rf6 24. Qc2 Rxf1+ 25. Kxf1 Qc7 26. Be1 Rd6 27.
Bg3 Rf6+ 28. Kg1 Qe7 29. Qd2 h6 30. Bc2 Re6 31. Re1 Rxe1+ 32. Qxe1 Qxa3 33. h4
Nf8 34. g5 hxg5 35. hxg5 a5 36. Qd2 b5 37. Be1 Qe7 38. Qc1 b4 39. Ba4 b3 40.
Bd2 Qe4 41. Qe1 Qd3 42. Qe3 b2 0-1

[Event "Dan Kragujevca 2009"]
[Site "Kragujevac"]
[Date "2009.04.11"]
[Round "1.5"]
[White "Pavlovic, Dejan S"]
[Black "Trpkovic, Miroljub"]
[Result "1-0"]
[WhiteElo "2400"]
[BlackElo "2034"]
[PlyCount "51"]
[EventDate "2009.04.11"]

1. e4 c5 2. Nf3 Nc6 3. d4 cxd4 4. Nxd4 a6 5. Nc3 e6 6. Be2 Nge7 7. O-O Ng6 8.
Be3 Be7 9. f4 O-O 10. Kh1 d6 11. Qe1 Bf6 12. Qf2 Qc7 13. Rad1 b5 14. Nxc6 Qxc6
15. e5 Bh4 16. Qf3 d5 17. Bd3 Bb7 18. Ne2 Be7 19. Nd4 Qd7 20. Qh5 Qc7 21. Rf3
Qd7 22. Rh3 f5 23. Qxh7+ Kf7 24. Rg3 Nh4 25. Rxg7+ Ke8 26. Bf2 1-0

[Event "Dan Kragujevca 2009"]
[Site "Kragujevac"]
[Date "2009.04.11"]
[Round "1.6"]
[White "Jovanovic, Bojan P"]
[Black "Zlatanovic, Boroljub"]
[Result "0-1"]
[WhiteElo "2010"]
[BlackElo "2392"]
[PlyCount "102"]
[EventDate "2009.04.11"]

1. d4 g6 2. Nf3 Bg7 3. Bf4 d6 4. e3 Nd7 5. c3 e5 6. dxe5 dxe5 7. Bg3 Nh6 8. h3
Nf5 9. Bh2 O-O 10. Bc4 Nd6 11. Bd5 Qe7 12. Nbd2 Nc5 13. Nb3 Na4 14. Nbd2 Bd7
15. Rb1 Nc5 16. Nb3 Nxb3 17. Bxb3 Bb5 18. Rc1 Rad8 19. Qc2 e4 20. Bxd6 Rxd6 21.
Nd4 Bd3 22. Qd2 c5 23. Ne2 Be5 24. O-O Rfd8 25. Rfd1 Qd7 26. Qe1 b5 27. Rd2 a5
28. c4 a4 29. Bd1 b4 30. a3 b3 31. Nc3 Bxc3 32. Rxc3 Bxc4 33. Bg4 Be6 34. Rxd6
Qxd6 35. Bxe6 fxe6 36. Rc4 Qd1 37. Qxd1 Rxd1+ 38. Kh2 Rd2 39. Rxc5 Rxf2 40. Rc4
Rxb2 41. Rxa4 Ra2 42. Ra8+ Kg7 43. a4 Kf6 44. Rb8 b2 45. a5 Ke5 46. a6 Kd5 47.
Kg3 Kc4 48. Kf4 Kc3 49. Rc8+ Kd3 50. Rb8 Kc2 51. Rc8+ Kb1 0-1

[Event "Dan Kragujevca 2009"]
[Site "Kragujevac"]
[Date "2009.04.11"]
[Round "1.7"]
[White "Ostojic, Nikola"]
[Black "Huynh, Arthur"]
[Result "0-1"]
[WhiteElo "2391"]
[BlackElo "1978"]
[PlyCount "54"]
[EventDate "2009.04.11"]

1. d4 Nf6 2. c4 e6 3. Nc3 Bb4 4. e3 O-O 5. Nge2 d5 6. a3 Be7 7. cxd5 exd5 8.
Nf4 c6 9. Bd3 Re8 10. O-O Nbd7 11. f3 Nf8 12. Bc2 Ne6 13. Nxe6 Bxe6 14. b4 a5
15. Rb1 axb4 16. axb4 b6 17. Qd3 c5 18. bxc5 bxc5 19. dxc5 Bxc5 20. Na4 Ba7 21.
Kh1 Rc8 22. Rb7 d4 23. Bb3 dxe3 24. Qxd8 Rexd8 25. Bxe6 e2 26. Bxf7+ Kh8 27.
Re1 Rxc1 0-1

[Event "Dan Kragujevca 2009"]
[Site "Kragujevac"]
[Date "2009.04.11"]
[Round "1.8"]
[White "Mladenovic, Stefan"]
[Black "Kojovic, Dragan"]
[Result "0-1"]
[WhiteElo "1955"]
[BlackElo "2382"]
[PlyCount "82"]
[EventDate "2009.04.11"]

1. e4 c5 2. Nf3 Nc6 3. d4 cxd4 4. Nxd4 Qc7 5. Be3 Nf6 6. Nc3 e6 7. a3 a6 8. Be2
b5 9. O-O Bb7 10. Nxc6 Bxc6 11. Bf3 Bd6 12. g3 h5 13. Bg2 Be5 14. Qd3 Rc8 15.
Ne2 Qb7 16. f4 Bc7 17. Nc3 Bb6 18. h3 a5 19. b4 d5 20. e5 Ne4 21. Ne2 Bd7 22.
Bxb6 Qxb6+ 23. Kh2 Rc4 24. bxa5 Qxa5 25. f5 exf5 26. Rad1 Be6 27. Nd4 g6 28.
Rb1 Qc7 29. Rxb5 Qxe5 30. Ne2 Nc5 31. Qd2 O-O 32. Re1 h4 33. Nf4 hxg3+ 34. Kxg3
Ne4+ 35. Bxe4 fxe4 36. Rxd5 Bxd5 37. Qxd5 Rc3+ 38. Kg4 Qxd5 39. Nxd5 Rxc2 40.
Kg5 Rc5 41. Rd1 Rd8 0-1

[Event "Dan Kragujevca 2009"]
[Site "Kragujevac"]
[Date "2009.04.11"]
[Round "1.9"]
[White "Milenkovic, Mladen"]
[Black "Stojanovic, Vladimir M"]
[Result "1-0"]
[WhiteElo "2342"]
[BlackElo "1951"]
[PlyCount "63"]
[EventDate "2009.04.11"]

1. e4 d6 2. d4 Nf6 3. Nc3 e5 4. Nf3 Nbd7 5. h3 Be7 6. g4 exd4 7. Qxd4 O-O 8.
Be3 Nb6 9. g5 Ne8 10. O-O-O Be6 11. h4 c6 12. Qd2 Bg4 13. Be2 Nc4 14. Qd4 Nxe3
15. Qxe3 Qb6 16. Nd4 Bxe2 17. Qxe2 d5 18. exd5 Bb4 19. Nf5 Bxc3 20. bxc3 cxd5
21. Rxd5 Qc7 22. Kb2 Rd8 23. Rhd1 Rxd5 24. Rxd5 Qb6+ 25. Rb5 Qa6 26. Qe5 b6 27.
Rd5 f6 28. Qe6+ Kh8 29. g6 hxg6 30. Ne7 Kh7 31. Rh5+ gxh5 32. Qf5+ 1-0

[Event "Dan Kragujevca 2009"]
[Site "Kragujevac"]
[Date "2009.04.11"]
[Round "1.10"]
[White "Ostojic, Slobodan"]
[Black "Lazic, Dragoljub"]
[Result "0-1"]
[WhiteElo "1943"]
[BlackElo "2327"]
[PlyCount "72"]
[EventDate "2009.04.11"]

1. c4 Nf6 2. d4 g6 3. Nc3 Bg7 4. e4 d6 5. f3 O-O 6. Be3 Nc6 7. Nge2 a6 8. g4
Rb8 9. Ng3 e5 10. d5 Nd4 11. h4 c5 12. h5 b5 13. cxb5 axb5 14. Be2 Qa5 15. Kf2
b4 16. Na4 Bd7 17. b3 Nxe2 18. Nxe2 Bxa4 19. bxa4 Ra8 20. Qd2 Rfe8 21. hxg6
fxg6 22. Ng1 Qxa4 23. Nh3 Rf8 24. Kg3 Qd7 25. Ng5 Ra3 26. Ne6 Rf7 27. Ng5 Re7
28. Ne6 Qb5 29. Rhd1 Rea7 30. Kh4 Qc4 31. Nxg7 Kxg7 32. g5 Nxe4 33. fxe4 Qxe4+
34. Bf4 Rf3 35. Rf1 Raa3 36. Rxf3 Rxf3 0-1

[Event "Dan Kragujevca 2009"]
[Site "Kragujevac"]
[Date "2009.04.11"]
[Round "1.11"]
[White "Radovanovic, Dusan"]
[Black "Nikolic, Vladimir"]
[Result "1-0"]
[WhiteElo "2308"]
[BlackElo "1933"]
[PlyCount "57"]
[EventDate "2009.04.11"]

1. d4 d5 2. c4 Nf6 3. cxd5 Nxd5 4. e4 Nb6 5. Nc3 e5 6. dxe5 Qxd1+ 7. Nxd1 Nc6
8. f4 g5 9. fxg5 Nxe5 10. Nf3 Bg7 11. Be2 Be6 12. O-O O-O-O 13. Bf4 Nd3 14.
Bxd3 Rxd3 15. Rc1 c6 16. Nf2 Rxf3 17. gxf3 Bxb2 18. Rc2 Nc4 19. Ng4 Bd4+ 20.
Kh1 b5 21. Rd1 Rd8 22. h4 a5 23. h5 Bb6 24. Rxd8+ Bxd8 25. Ne3 Nxe3 26. Bxe3
Kb7 27. Kg2 b4 28. f4 Be7 29. f5 1-0

[Event "Dan Kragujevca 2009"]
[Site "Kragujevac"]
[Date "2009.04.11"]
[Round "1.12"]
[White "Boskovic, Maksimilijan"]
[Black "Misailovic, Nebojsa"]
[Result "0-1"]
[WhiteElo "1914"]
[BlackElo "2293"]
[PlyCount "80"]
[EventDate "2009.04.11"]

1. e4 c5 2. Nf3 d6 3. d4 cxd4 4. Nxd4 Nf6 5. Nc3 a6 6. Bc4 e6 7. Bb3 Nbd7 8.
Be3 Nc5 9. f3 Be7 10. O-O O-O 11. Qd2 Qc7 12. Rad1 b5 13. Nce2 Bb7 14. c3 Nxb3
15. axb3 d5 16. exd5 Nxd5 17. Bf2 Bd6 18. Bg3 Rad8 19. Qc1 Qb6 20. Bf2 Qc7 21.
Bg3 e5 22. Nf5 Bc5+ 23. Bf2 Bxf2+ 24. Rxf2 g6 25. Neg3 Nf4 26. Nh6+ Kg7 27.
Rxd8 Rxd8 28. Ng4 h5 29. Ne3 h4 30. Ngf1 Nd3 31. Qc2 Nxf2 32. Qxf2 Qe7 33. Ng4
Bc8 34. Nge3 Rd3 35. Nd2 Qg5 36. Ndf1 Be6 37. Qe2 Qd8 38. Qc2 b4 39. c4 Qd4 40.
Kf2 Bf5 0-1

[Event "Dan Kragujevca 2009"]
[Site "Kragujevac"]
[Date "2009.04.11"]
[Round "1.13"]
[White "Milosevic, Slavisa"]
[Black "Gagic, Miroljub"]
[Result "1-0"]
[WhiteElo "2287"]
[BlackElo "1888"]
[PlyCount "82"]
[EventDate "2009.04.11"]

1. e4 c6 2. Nc3 d5 3. Nf3 Bg4 4. h3 Bxf3 5. Qxf3 e6 6. g3 Nf6 7. Bg2 Bb4 8. e5
Nfd7 9. Qg4 Bf8 10. d4 c5 11. dxc5 Nc6 12. f4 h5 13. Qe2 Bxc5 14. Bd2 a6 15.
O-O-O Qc7 16. g4 hxg4 17. Qxg4 O-O-O 18. Bxd5 Ne7 19. Be4 g6 20. Qf3 Kb8 21.
Bd3 Rc8 22. Ne4 Nf5 23. c3 Nb6 24. Kb1 Nd5 25. Bc1 Nh4 26. Qe2 Nf5 27. Rde1 Rh4
28. Qf3 Rd8 29. a3 Rhh8 30. Rh2 Qb6 31. b4 Be3 32. Bxe3 Ndxe3 33. Nc5 Nd5 34.
Bf1 a5 35. Rb2 Qc7 36. Re4 Nb6 37. Na6+ bxa6 38. bxa5 Rd5 39. Rxb6+ Kc8 40. Rc4
Rc5 41. Rxc5 Qxc5 1-0

[Event "Dan Kragujevca 2009"]
[Site "Kragujevac"]
[Date "2009.04.11"]
[Round "1.14"]
[White "Antic, Nenad"]
[Black "Rihterovic, Milan"]
[Result "1/2-1/2"]
[WhiteElo "1390"]
[BlackElo "2284"]
[PlyCount "87"]
[EventDate "2009.04.11"]

1. d4 Nf6 2. c4 g6 3. Nc3 Bg7 4. e4 O-O 5. Nf3 d6 6. h3 c5 7. d5 e6 8. Bd3 Na6
9. O-O Nc7 10. Re1 a6 11. Bf4 exd5 12. exd5 b5 13. cxb5 Ncxd5 14. Nxd5 Nxd5 15.
Bg5 Nf6 16. Bc4 axb5 17. Bxb5 Qb6 18. Bc4 Bb7 19. Re7 Rab8 20. Qb3 Qxb3 21.
Bxb3 Ba6 22. Rd1 Rb6 23. Be3 h6 24. Nd2 Rb7 25. Rxb7 Bxb7 26. Nc4 d5 27. Na5 c4
28. Bxc4 dxc4 29. Nxb7 Rb8 30. Nd6 Rxb2 31. Nxc4 Rxa2 32. Rd8+ Kh7 33. Nd6 Ra1+
34. Kh2 Rd1 35. Nxf7 Rxd8 36. Nxd8 g5 37. Ne6 Nd5 38. Nxg7 Kxg7 39. Kg3 Kg6 40.
h4 Nf6 41. hxg5 hxg5 42. Kf3 Kf5 43. Bd4 g4+ 44. Kg3 1/2-1/2

[Event "Dan Kragujevca 2009"]
[Site "Kragujevac"]
[Date "2009.04.11"]
[Round "1.15"]
[White "Sorgic, Dragan"]
[Black "Radovic, Janko"]
[Result "1/2-1/2"]
[WhiteElo "2282"]
[BlackElo "1390"]
[PlyCount "75"]
[EventDate "2009.04.11"]

1. e4 Nf6 2. e5 Nd5 3. d4 d6 4. Nf3 Bg4 5. Be2 e6 6. O-O Be7 7. c4 Nb6 8. Nc3
O-O 9. h3 Bh5 10. Be3 d5 11. c5 Bxf3 12. gxf3 Nc8 13. f4 Nc6 14. b4 Bh4 15. b5
N6e7 16. Bd3 Ng6 17. f5 exf5 18. Bxf5 Bg5 19. Nxd5 Qxd5 20. Bxg5 h6 21. Bxg6
fxg6 22. Be3 Kh7 23. f4 Ne7 24. Qf3 g5 25. Rad1 gxf4 26. Qxd5 Nxd5 27. Bd2 g5
28. Rde1 Rfe8 29. a4 Re6 30. Kf2 Kg6 31. Ke2 Kf5 32. Kd3 Rb8 33. Kc4 c6 34. Rb1
Rf8 35. Rb3 Ke4 36. Re1+ Kf5 37. Rf1 Ke4 38. Re1+ 1/2-1/2

[Event "Dan Kragujevca 2009"]
[Site "Kragujevac"]
[Date "2009.04.11"]
[Round "1.16"]
[White "Radovic, Luka"]
[Black "Peric, Slavisa"]
[Result "0-1"]
[WhiteElo "1390"]
[BlackElo "2277"]
[PlyCount "44"]
[EventDate "2009.04.11"]

1. e4 e6 2. d4 d5 3. exd5 exd5 4. c4 Nf6 5. Nc3 Be7 6. cxd5 Nxd5 7. Bc4 Nxc3 8.
bxc3 O-O 9. Ne2 c5 10. O-O Nc6 11. Be3 cxd4 12. Nxd4 Ne5 13. Qb3 Qc7 14. Bd5 a6
15. Rab1 Bd6 16. Qb6 Qe7 17. Bxb7 Rb8 18. Nc6 Nxc6 19. Qxc6 Bxb7 20. Rxb7 Rxb7
21. Rd1 Rfb8 22. Re1 Rb1 0-1

[Event "Dan Kragujevca 2009"]
[Site "Kragujevac"]
[Date "2009.04.11"]
[Round "1.17"]
[White "Djosic, Slavoljub"]
[Black "Simonovic, Branislav"]
[Result "1-0"]
[WhiteElo "2261"]
[BlackElo "1390"]
[PlyCount "59"]
[EventDate "2009.04.11"]

1. b3 d5 2. Bb2 c5 3. e3 Nc6 4. d4 cxd4 5. exd4 Nf6 6. Bd3 Bg4 7. Nf3 e6 8.
Nbd2 Bd6 9. a3 O-O 10. O-O Rc8 11. Qe1 Bb8 12. b4 a6 13. Qe3 Bh5 14. Rac1 Qd6
15. Ne5 Nd7 16. Qh3 Bg6 17. f4 Ba7 18. Bxg6 hxg6 19. Nxd7 Qxd7 20. Nf3 f6 21.
Rce1 Kf7 22. Qg4 Ne7 23. Re2 Nf5 24. Rfe1 Rc6 25. Qh3 Re8 26. g4 Nd6 27. g5 Nf5
28. gxf6 gxf6 29. Qh7+ Ng7 30. Rg2 1-0

[Event "Dan Kragujevca 2009"]
[Site "Kragujevac"]
[Date "2009.04.11"]
[Round "1.18"]
[White "Gutic, Slobodan"]
[Black "Garic, Radomir"]
[Result "0-1"]
[WhiteElo "1380"]
[BlackElo "2255"]
[PlyCount "80"]
[EventDate "2009.04.11"]

1. e4 c5 2. c4 Nc6 3. g3 g6 4. Nc3 Bg7 5. Nge2 Nf6 6. d3 O-O 7. Bg2 Ne8 8. Be3
d6 9. a3 Nc7 10. Rb1 Ne6 11. b4 Ned4 12. b5 Nxe2 13. Nxe2 Nd4 14. Bxd4 cxd4 15.
O-O e5 16. f4 Bd7 17. a4 a6 18. Ra1 axb5 19. axb5 Qb6 20. Qc2 Ra5 21. Ra2 Rfa8
22. Rfa1 Bh6 23. Qb2 Bg4 24. fxe5 Be3+ 25. Kh1 dxe5 26. h3 Be6 27. Kh2 Kg7 28.
h4 Rxa2 29. Rxa2 Rxa2 30. Qxa2 Qxb5 31. Bh3 Qa6 32. Qb2 Bxh3 33. Kxh3 Qe6+ 34.
Kg2 Qg4 35. c5 Kh6 36. Nc1 Qd1 37. Qxb7 Qg1+ 38. Kh3 Qf1+ 39. Kg4 f5+ 40. exf5
Qxf5# 0-1

[Event "Dan Kragujevca 2009"]
[Site "Kragujevac"]
[Date "2009.04.11"]
[Round "1.19"]
[White "Stojanovic, Zlatko"]
[Black "Kostic, Tomislav"]
[Result "1-0"]
[WhiteElo "2239"]
[BlackElo "1380"]
[PlyCount "61"]
[EventDate "2009.04.11"]

1. e4 e6 2. d4 d5 3. Nd2 c5 4. Ngf3 Qb6 5. exd5 exd5 6. Bd3 Nc6 7. O-O c4 8.
Re1+ Be7 9. Bxc4 dxc4 10. Nxc4 Qb4 11. b3 b5 12. Bd2 bxc4 13. Bxb4 Nxb4 14. Ne5
cxb3 15. axb3 Nf6 16. c3 Nbd5 17. c4 Nb6 18. Nc6 O-O 19. Nxe7+ Kh8 20. Nxc8
Rfxc8 21. Re7 a5 22. Rxf7 Nxc4 23. bxc4 Rxc4 24. Qf3 Rac8 25. h3 a4 26. Rxf6
gxf6 27. Qxf6+ Kg8 28. Ra3 Rc3 29. Rxa4 Rf8 30. Qg5+ Kh8 31. Ra7 1-0

[Event "Dan Kragujevca 2009"]
[Site "Kragujevac"]
[Date "2009.04.11"]
[Round "1.20"]
[White "Milosavljevic, Mileta"]
[Black "Ilic, Slobodan S"]
[Result "0-1"]
[WhiteElo "1380"]
[BlackElo "2212"]
[PlyCount "79"]
[EventDate "2009.04.11"]

1. d4 Nf6 2. Nf3 e6 3. Nc3 d5 4. Bg5 Be7 5. e3 h6 6. Bf4 a6 7. Bd3 Nbd7 8. a3
c5 9. b3 b5 10. O-O Bb7 11. dxc5 Nxc5 12. Be2 O-O 13. b4 Nce4 14. Qe1 Rc8 15.
Be5 Nd7 16. Bd4 Nxc3 17. Bxc3 Qc7 18. Bd4 Qxc2 19. Bd1 Qc7 20. Qe2 Bf6 21. Qb2
e5 22. Bc5 Nxc5 23. bxc5 Qxc5 24. Bb3 Qe7 25. Rad1 Rfd8 26. h3 Rd7 27. Rc1 Rdc7
28. Rfd1 d4 29. Rxc7 Qxc7 30. Qe2 Qc3 31. Rd3 Qa1+ 32. Kh2 e4 33. Rd1 exf3 34.
Qd3 Qc3 35. exd4 fxg2 36. f3 Bxf3 37. Qf5 Qc7+ 38. Kg1 Bxd1 39. Bxf7+ Kxf7 40.
Qd5+ 0-1

[Event "Dan Kragujevca 2009"]
[Site "Kragujevac"]
[Date "2009.04.11"]
[Round "1.21"]
[White "Damjanovic, Dragan"]
[Black "Nicosia, Federico"]
[Result "1-0"]
[WhiteElo "2198"]
[BlackElo "1380"]
[PlyCount "43"]
[EventDate "2009.04.11"]

1. d4 Nf6 2. c4 e6 3. Nc3 Bb4 4. Qc2 O-O 5. a3 Bxc3+ 6. Qxc3 b6 7. Bg5 Bb7 8.
e3 d6 9. Ne2 Nbd7 10. Qc2 h6 11. Bh4 c5 12. Rd1 Rc8 13. Nc3 a6 14. d5 Re8 15.
Be2 Qc7 16. dxe6 Rxe6 17. O-O Ne4 18. Nd5 Bxd5 19. cxd5 Re5 20. Bxa6 Rb8 21.
Bb5 Ndf6 22. f3 1-0

[Event "Dan Kragujevca 2009"]
[Site "Kragujevac"]
[Date "2009.04.11"]
[Round "1.23"]
[White "Kostic, Marko"]
[Black "Zivkovic, Momcilo"]
[Result "0-1"]
[WhiteElo "1370"]
[BlackElo "2176"]
[PlyCount "34"]
[EventDate "2009.04.11"]

1. d4 Nf6 2. c4 e5 3. dxe5 Ng4 4. Nf3 Nc6 5. Nc3 Bc5 6. e3 Ncxe5 7. Nxe5 Nxe5
8. Qd5 d6 9. Be2 Bd7 10. O-O Bc6 11. Qd2 Qh4 12. b3 h5 13. Bb2 Rh6 14. Nd1 Rg6
15. g3 Qh3 16. f3 Ng4 17. Bd4 Qxh2# 0-1

[Event "Dan Kragujevca 2009"]
[Site "Kragujevac"]
[Date "2009.04.11"]
[Round "1.24"]
[White "Jevtic, Miroljub"]
[Black "Radovic, Milos"]
[Result "1/2-1/2"]
[WhiteElo "2173"]
[BlackElo "1370"]
[PlyCount "51"]
[EventDate "2009.04.11"]

1. d4 Nf6 2. c4 g6 3. g3 Bg7 4. Bg2 O-O 5. Nc3 d6 6. Nf3 Nc6 7. d5 Na5 8. Qd3
b6 9. Nd4 Nb7 10. Nc6 Qe8 11. Nb5 Qd7 12. h4 a6 13. Bh3 e6 14. Nbd4 Nc5 15. Qc2
Qe8 16. Bg5 h6 17. Bxf6 Bxf6 18. b4 Nb7 19. dxe6 fxe6 20. O-O e5 21. Ne6 Bxe6
22. Bxe6+ Qxe6 23. Qxg6+ Kh8 24. Qxh6+ Kg8 25. Qg6+ Kh8 26. Qh6+ 1/2-1/2

[Event "Dan Kragujevca 2009"]
[Site "Kragujevac"]
[Date "2009.04.11"]
[Round "1.25"]
[White "Petrovic, Tamara"]
[Black "Antic, Dragan"]
[Result "0-1"]
[WhiteElo "1360"]
[BlackElo "2165"]
[PlyCount "50"]
[EventDate "2009.04.11"]

1. e4 c5 2. Nf3 d6 3. d4 cxd4 4. Nxd4 Nf6 5. Nc3 a6 6. a4 b6 7. Bd3 Bb7 8. O-O
Nbd7 9. Bg5 e6 10. Re1 Be7 11. h3 O-O 12. Ra2 Qc7 13. Bf4 Rfe8 14. Re2 e5 15.
Bxe5 dxe5 16. Nf3 Nc5 17. Qe1 Rad8 18. Qd2 Nfxe4 19. Qe3 Nxc3 20. bxc3 e4 21.
Bxe4 Nxe4 22. Qc1 Nxc3 23. Rxe7 Rxe7 24. Qb2 Rd1+ 25. Ne1 Rdxe1# 0-1

[Event "Dan Kragujevca 2009"]
[Site "Kragujevac"]
[Date "2009.04.11"]
[Round "1.26"]
[White "Radovanovic, Nikola"]
[Black "Petrovic, Tijana"]
[Result "1-0"]
[WhiteElo "2161"]
[BlackElo "1360"]
[PlyCount "51"]
[EventDate "2009.04.11"]

1. e4 c5 2. Nf3 Nc6 3. d4 cxd4 4. Nxd4 Qc7 5. Nc3 e6 6. Be3 a6 7. Be2 Nf6 8.
O-O Bb4 9. f3 O-O 10. Qe1 b5 11. Nb3 Ne5 12. Bd4 Bb7 13. a3 Be7 14. Qf2 Rac8
15. Rfc1 Rfd8 16. Bb6 Qb8 17. Bxd8 Bxd8 18. Kh1 a5 19. Nxb5 Ba6 20. a4 Qb6 21.
Qxb6 Bxb6 22. Nd6 Rc6 23. Bxa6 Rxd6 24. h3 Kf8 25. f4 Nd3 26. cxd3 1-0